| 000 | 00000nas##2200000za#4500 |
| 001 | 9.513966 |
| 003 | CaOODSP |
| 005 | 20210615082833 |
| 007 | ta |
| 008 | 150406c2008||||xxc|| p #||||f| |0fre|d |
| 040 | |aCaOODSP|bfre |
| 043 | |an-cn--- |
| 086 | 1 |aTU1-4/2F |
| 110 | 2 |aBureau de la sécurité des transports du Canada. |
| 245 | 10|aBureau de la sécurité des transports du Canada, rapport annuel au Parlement sur l'application de la Loi sur la protection des renseignements personnels |
| 260 | |aOttawa - Ontario : |bBureau de la sécurité des transports du Canada |
| 310 | |aAnnuel |
| 520 | 3 |aDécrit comment le Bureau de la sécurité des transports du Canada s'est acquitté de ses responsabilités au cours de l’année d'application de la Loi sur la protection des renseignements personnels. |
| 563 | |aPolycopié |
| 775 | 08|tTransportation Safety Board of Canada, annual report to Parliament on the application of the Privacy Act |w(CaOODSP)9.515644 |
| 776 | 0#|tRapport annuel au Parlement sur l'application de la Loi sur la protection des renseignements personnels. |w(CaOODSP)9.502262 |